[Event "Olimpiada de Khanty-Mansiysk 2010"]
[Site "Khanty-Mansiysk RUS"]
[Date "2010.09.28"]
[Round "7"]
[White "Lodhi, Mahmood"]
[Black "Mehmeti, Dritan"]
[Result "1/2-1/2"]
[WhiteElo "2391"]
[BlackElo "2415"]
[PlyCount "86"]
[EventDate "2010.09.21"]
[EventType "team"]
[EventRounds "11"]
[EventCountry "RUS"]
[Source "lmi"]
[SourceDate "2010.09.21"]
[WhiteTeam "Pakistán"]
[BlackTeam "Albania"]
[WhiteTeamCountry "PAK"]
[BlackTeamCountry "ALB"]

1. d4 Nf6 2. Nf3 c5 3. d5 g6 4. g3 Bg7 5. Bg2 O-O 6. O-O d6 7. c4 e5 8. Nc3 Na6
9. e4 Bd7 10. a3 Ne8 11. Rb1 h6 12. b4 b6 13. Bd2 Kh7 14. b5 Nac7 15. Qc2 f5
16. exf5 Bxf5 17. Ne4 Qd7 18. Nh4 Nf6 19. f4 Nxe4 20. Bxe4 Bxe4 21. Qxe4 Qg4
22. Rb3 exf4 23. Bxf4 Rae8 24. Qf3 Qd7 25. Qd3 Rf6 26. Rbb1 Qg4 27. Qf3 Qxf3
28. Nxf3 g5 29. Bd2 Re4 30. Bxg5 Rxf3 31. Rxf3 hxg5 32. Rf7 Ne8 33. Rxa7 Rxc4
34. Re1 Nf6 35. Re6 Rc1+ 36. Kg2 Rc2+ 37. Kf1 Nxd5 38. Rxd6 Ne3+ 39. Ke1 Ng2+
40. Kd1 Ne3+ 41. Ke1 Ng2+ 42. Kf1 Ne3+ 43. Ke1 Re2+ 1/2-1/2

[Event "Olimpiada de Khanty-Mansiysk 2010"]
[Site "Khanty-Mansiysk RUS"]
[Date "2010.09.28"]
[Round "7"]
[White "Seitaj, Ilir"]
[Black "Amer, Karim"]
[Result "1-0"]
[WhiteElo "2390"]
[BlackElo "2234"]
[PlyCount "99"]
[EventDate "2010.09.21"]
[EventType "team"]
[EventRounds "11"]
[EventCountry "RUS"]
[Source "lmi"]
[SourceDate "2010.09.21"]
[WhiteTeam "Albania"]
[BlackTeam "Pakistán"]
[WhiteTeamCountry "ALB"]
[BlackTeamCountry "PAK"]

1. e4 c5 2. Nf3 Nc6 3. c3 d5 4. exd5 Qxd5 5. d4 Bg4 6. Be2 Nf6 7. c4 Qd7 8. d5
Bxf3 9. Bxf3 Ne5 10. Be2 e6 11. Nc3 Bd6 12. O-O O-O 13. Bg5 Ne8 14. Qd2 h6 15.
Be3 Nf6 16. Rad1 Rad8 17. h3 exd5 18. Nxd5 Nxd5 19. Qxd5 Qc7 20. Qe4 f5 21.
Qd5+ Kh8 22. f4 Nc6 23. Qf3 Nd4 24. Bxd4 cxd4 25. Bd3 Rde8 26. Kh1 g6 27. Qd5
Bxf4 28. Qxd4+ Be5 29. Qxa7 Ra8 30. Qe3 Qg7 31. b4 Rxa2 32. c5 Raa8 33. Bc4
Rae8 34. Rfe1 Re7 35. Qf3 Bb8 36. Rxe7 Qxe7 37. Qc3+ Be5 38. Qe3 Qg7 39. Rd5
Bb8 40. Qd4 Re8 41. Qxg7+ Kxg7 42. g4 fxg4 43. hxg4 Re7 44. Kg2 Kf6 45. Kf3 Be5
46. b5 h5 47. b6 h4 48. Bf1 Ke6 49. Ke4 Kf6 50. g5+ 1-0

[Event "Olimpiada de Khanty-Mansiysk 2010"]
[Site "Khanty-Mansiysk RUS"]
[Date "2010.09.28"]
[Round "7"]
[White "Wasim, Akram"]
[Black "Rama, Lorenc"]
[Result "0-1"]
[WhiteElo "2054"]
[BlackElo "2276"]
[PlyCount "116"]
[EventDate "2010.09.21"]
[EventType "team"]
[EventRounds "11"]
[EventCountry "RUS"]
[Source "lmi"]
[SourceDate "2010.09.21"]
[WhiteTeam "Pakistán"]
[BlackTeam "Albania"]
[WhiteTeamCountry "PAK"]
[BlackTeamCountry "ALB"]

1. d4 Nf6 2. Nf3 c5 3. e3 g6 4. Bd3 Bg7 5. O-O O-O 6. c3 d5 7. Nbd2 Nbd7 8. Qe2
Qc7 9. b3 e5 10. dxe5 Nxe5 11. Nxe5 Qxe5 12. Bb2 Ne4 13. f4 Qe7 14. Nxe4 dxe4
15. Bc4 Rd8 16. Rad1 Be6 17. a4 b6 18. h3 h5 19. Kf2 Bf6 20. Kg1 Bxc4 21. Qxc4
Qe6 22. Kf2 Qxc4 23. bxc4 Rxd1 24. Rxd1 Rd8 25. Rxd8+ Bxd8 26. Ke2 f5 27. Ba3
Bf6 28. Kd2 g5 29. fxg5 Bxg5 30. Ke2 Bf6 31. Kd2 Kf7 32. Bc1 Be5 33. Kc2 Kf6
34. Bd2 Bg3 35. Kd1 Ke5 36. Ke2 a6 37. Bc1 Kd6 38. Kd1 Kc6 39. Kc2 Bf2 40. Bd2
f4 41. Kd1 fxe3 42. Bc1 h4 43. Ke2 Kd6 44. Ba3 a5 45. Bb2 Ke5 46. Ba3 Kf4 47.
Bc1 Kg3 48. Bxe3 Bxe3 49. Kxe3 Kxg2 50. Kxe4 Kxh3 51. Kd5 Kg4 52. Kc6 h3 53.
Kxb6 h2 54. Kxa5 h1=Q 55. Kb5 Qa8 56. a5 Kf5 57. Kxc5 Qxa5+ 58. Kd6 Qxc3 0-1

[Event "Olimpiada de Khanty-Mansiysk 2010"]
[Site "Khanty-Mansiysk RUS"]
[Date "2010.09.28"]
[Round "7"]
[White "Soto, Paez Oliver"]
[Black "Latorre, Manuel"]
[Result "1-0"]
[WhiteElo "2373"]
[BlackElo "2284"]
[PlyCount "119"]
[EventDate "2010.09.21"]
[EventType "team"]
[EventRounds "11"]
[EventCountry "RUS"]
[Source "lmi"]
[SourceDate "2010.09.21"]
[WhiteTeam "Venezuela"]
[BlackTeam "Paraguay"]
[WhiteTeamCountry "VEN"]
[BlackTeamCountry "PAR"]

1. e4 e6 2. d4 d5 3. Nc3 Bb4 4. e5 c5 5. a3 Bxc3+ 6. bxc3 Qc7 7. Qg4 f5 8. Qg3
Nc6 9. Nf3 Nge7 10. h4 cxd4 11. cxd4 O-O 12. Bd2 f4 13. Qg4 Nf5 14. c3 Na5 15.
Bd3 Nb3 16. Rb1 Nxd2 17. Kxd2 Bd7 18. Qxf4 Rac8 19. Rhc1 h6 20. Qg4 Be8 21. Ng1
Qe7 22. g3 b6 23. Rb4 h5 24. Qg5 Qxg5+ 25. hxg5 Ne7 26. Nh3 Bg6 27. Nf4 Bxd3
28. Kxd3 Rc6 29. Rh1 g6 30. a4 Kf7 31. a5 Rfc8 32. Ne2 bxa5 33. Rb5 Rb6 34.
Rxa5 Nc6 35. Ra3 Rb2 36. Rh4 Rf8 37. Rf4+ Ke7 38. Rxf8 Kxf8 39. Ra6 Rb6 40.
Rxb6 axb6 41. Nf4 Kf7 42. c4 dxc4+ 43. Kxc4 Ne7 44. d5 exd5+ 45. Nxd5 Nc6 46.
f4 Ke6 47. Nc7+ Kd7 48. Nb5 Ne7 49. Nd4 Kc7 50. Kb5 Kb7 51. Kc4 Ka6 52. Nf3 Ka5
53. e6 b5+ 54. Kc5 b4 55. Nd4 Ka4 56. Kd6 b3 57. Nxb3 Nf5+ 58. Kd7 Kxb3 59. e7
Nxe7 60. Kxe7 1-0

[Event "Olimpiada de Khanty-Mansiysk 2010"]
[Site "Khanty-Mansiysk RUS"]
[Date "2010.09.28"]
[Round "7"]
[White "Vazquez, Guillermo"]
[Black "Semerene, Dumit"]
[Result "1/2-1/2"]
[WhiteElo "2166"]
[BlackElo "2318"]
[PlyCount "98"]
[EventDate "2010.09.21"]
[EventType "team"]
[EventRounds "11"]
[EventCountry "RUS"]
[Source "lmi"]
[SourceDate "2010.09.21"]
[WhiteTeam "Paraguay"]
[BlackTeam "Venezuela"]
[WhiteTeamCountry "PAR"]
[BlackTeamCountry "VEN"]

1. Nf3 Nf6 2. c4 g6 3. Nc3 d5 4. cxd5 Nxd5 5. e4 Nxc3 6. dxc3 Qxd1+ 7. Kxd1 Nd7
8. Bf4 Nc5 9. Nd2 Bd7 10. Bxc7 Bh6 11. f3 Rc8 12. Be5 O-O 13. Kc2 Ba4+ 14. b3
Bxd2 15. bxa4 Bh6 16. Rd1 Nxa4 17. Bb5 Nc5 18. Bd7 Rcd8 19. Bb5 a6 20. Bc4 Rc8
21. Bb3 Bg7 22. Bxg7 Kxg7 23. Rd5 Rc7 24. Rhd1 Rfc8 25. Rd8 Kf6 26. Rxc8 Rxc8
27. g3 g5 28. Rd4 e6 29. Kd2 h5 30. Bd1 h4 31. gxh4 gxh4 32. e5+ Kxe5 33. Rxh4
Rg8 34. Ke3 Rg1 35. Rd4 f5 36. Kf2 Rg7 37. f4+ Kf6 38. Bf3 Rh7 39. Kg3 Rg7+ 40.
Kf2 Rc7 41. h4 b5 42. Rd6 Ne4+ 43. Bxe4 fxe4 44. Rxa6 Rxc3 45. Ra8 Kf5 46. Rf8+
Kg4 47. Rf6 Rh3 48. Ke2 b4 49. h5 Rh1 1/2-1/2

[Event "Olimpiada de Khanty-Mansiysk 2010"]
[Site "Khanty-Mansiysk RUS"]
[Date "2010.09.28"]
[Round "7"]
[White "Boada, Wiston"]
[Black "Peralta, Eduardo"]
[Result "1/2-1/2"]
[WhiteElo "2270"]
[BlackElo "2266"]
[PlyCount "135"]
[EventDate "2010.09.21"]
[EventType "team"]
[EventRounds "11"]
[EventCountry "RUS"]
[Source "lmi"]
[SourceDate "2010.09.21"]
[WhiteTeam "Venezuela"]
[BlackTeam "Paraguay"]
[WhiteTeamCountry "VEN"]
[BlackTeamCountry "PAR"]

1. d4 Nf6 2. g3 c5 3. d5 d6 4. Bg2 g6 5. e4 Bg7 6. Ne2 O-O 7. O-O e6 8. dxe6
fxe6 9. Nbc3 Nc6 10. Bf4 e5 11. Bg5 Be6 12. Nd5 Qd7 13. c3 Kh8 14. Bxf6 Bxf6
15. Qd2 Bg7 16. Rad1 Rad8 17. Nc1 b6 18. Nb3 Ne7 19. Nxe7 Qxe7 20. Na1 a5 21.
b3 b5 22. a3 c4 23. b4 axb4 24. axb4 Bg4 25. Rc1 Bf6 26. h3 Be6 27. Nc2 Bg5 28.
Ne3 Qa7 29. Kh2 h5 30. h4 Bh6 31. Ra1 Qb6 32. Qe2 Rf6 33. Bh3 Bg8 34. Bg2 Rdf8
35. Rae1 Be6 36. Qc2 Kg7 37. Re2 Bxe3 38. Rxe3 Rxf2 39. Rxf2 Qxe3 40. Re2 Qb6
41. Rd2 Bg4 42. Qc1 Qe3 43. Rc2 Qxc1 44. Rxc1 Rf2 45. Kg1 Ra2 46. Re1 Rc2 47.
Re3 g5 48. Kf1 Kg6 49. Bf3 Bxf3 50. Rxf3 g4 51. Re3 Kf6 52. Ke1 Ke6 53. Kd1 Rg2
54. Ke1 d5 55. exd5+ Kxd5 56. Kf1 Rc2 57. Ke1 Ke6 58. Kd1 Rg2 59. Ke1 Kf5 60.
Kf1 Rc2 61. Ke1 e4 62. Kd1 Rf2 63. Ke1 Rf3 64. Ke2 Ke5 65. Kd2 Rf2+ 66. Ke1 Rf3
67. Ke2 Kd5 68. Kd2 1/2-1/2

[Event "Olimpiada de Khanty-Mansiysk 2010"]
[Site "Khanty-Mansiysk RUS"]
[Date "2010.09.28"]
[Round "7"]
[White "Wiedenkeller, Michael"]
[Black "Kojima, Shinya"]
[Result "1-0"]
[WhiteElo "2431"]
[BlackElo "2334"]
[PlyCount "91"]
[EventDate "2010.09.21"]
[EventType "team"]
[EventRounds "11"]
[EventCountry "RUS"]
[Source "lmi"]
[SourceDate "2010.09.21"]
[WhiteTeam "Luxemburgo"]
[BlackTeam "Japón"]
[WhiteTeamCountry "LUX"]
[BlackTeamCountry "JPN"]

1. d4 d5 2. c4 c6 3. Nc3 Nf6 4. e3 g6 5. Nf3 Bg7 6. Bd3 O-O 7. O-O Bg4 8. h3
Bxf3 9. Qxf3 e6 10. Bd2 Nbd7 11. cxd5 exd5 12. b4 Re8 13. b5 c5 14. Nxd5 Nxd5
15. Qxd5 cxd4 16. Rad1 Nb6 17. Qxb7 Na4 18. Bc4 Re7 19. Qf3 Nb2 20. Rc1 Rb8 21.
exd4 Nxc4 22. Rxc4 Rxb5 23. Rfc1 Re8 24. Be3 h5 25. a4 Rf5 26. Qb7 Qa5 27. Qb4
Qxb4 28. Rxb4 Ra5 29. Rcc4 Re6 30. Rb8+ Kh7 31. Rb7 Rf6 32. Kf1 Bf8 33. Ke2 Bd6
34. Kd3 Kg7 35. Rb5 Ra6 36. d5 Rf5 37. Bd4+ Be5 38. g4 hxg4 39. hxg4 Bxd4 40.
gxf5 Bxf2 41. Rb2 Bg3 42. Rg2 Be5 43. Ke4 Bf6 44. fxg6 fxg6 45. Rc7+ Kh6 46.
Ra2 1-0

[Event "Olimpiada de Khanty-Mansiysk 2010"]
[Site "Khanty-Mansiysk RUS"]
[Date "2010.09.28"]
[Round "7"]
[White "Yamada, Kohei"]
[Black "Linster, Philippe"]
[Result "1/2-1/2"]
[WhiteElo "2071"]
[BlackElo "2264"]
[PlyCount "105"]
[EventDate "2010.09.21"]
[EventType "team"]
[EventRounds "11"]
[EventCountry "RUS"]
[Source "lmi"]
[SourceDate "2010.09.21"]
[WhiteTeam "Japón"]
[BlackTeam "Luxemburgo"]
[WhiteTeamCountry "JPN"]
[BlackTeamCountry "LUX"]

1. e4 c5 2. Nf3 d6 3. d4 cxd4 4. Nxd4 Nf6 5. Nc3 a6 6. Bc4 e6 7. Bb3 Be7 8. O-O
Nc6 9. Be3 O-O 10. f4 Qc7 11. Qf3 Nxd4 12. Bxd4 b5 13. f5 b4 14. fxe6 bxc3 15.
exf7+ Kh8 16. Bxc3 Bb7 17. Rae1 a5 18. a4 Ba6 19. g4 Bxf1 20. Rxf1 Qc5+ 21. Kh1
Qg5 22. h3 Nd7 23. Qg2 Bf6 24. Bd2 Qg6 25. Rf5 Bxb2 26. h4 Ne5 27. Bg5 d5 28.
Bxd5 Ra7 29. Qg1 Rc7 30. c4 Qd6 31. Qg2 Qb4 32. Bf4 Re7 33. Bg5 Rd7 34. c5 Bd4
35. c6 Rc7 36. h5 h6 37. Bh4 Qb2 38. Qxb2 Bxb2 39. Bd8 Rxc6 40. Bxc6 Nxc6 41.
Bc7 Ba3 42. Rf1 Nd8 43. Bxd8 Rxd8 44. e5 Kh7 45. e6 Bb4 46. Rf5 Rd1+ 47. Kg2
Re1 48. Rxa5 Rxe6 49. Rb5 Ba3 50. Rb3 Be7 51. Rb7 Ba3 52. a5 Ra6 53. Rb8
1/2-1/2

[Event "Olimpiada de Khanty-Mansiysk 2010"]
[Site "Khanty-Mansiysk RUS"]
[Date "2010.09.28"]
[Round "7"]
[White "Mossong, Hubert"]
[Black "Nakamura, Ryuji"]
[Result "1-0"]
[WhiteElo "2184"]
[BlackElo "2187"]
[PlyCount "75"]
[EventDate "2010.09.21"]
[EventType "team"]
[EventRounds "11"]
[EventCountry "RUS"]
[Source "lmi"]
[SourceDate "2010.09.21"]
[WhiteTeam "Luxemburgo"]
[BlackTeam "Japón"]
[WhiteTeamCountry "LUX"]
[BlackTeamCountry "JPN"]

1. e4 e5 2. Nf3 Nc6 3. Bb5 a6 4. Bxc6 dxc6 5. d3 Bd6 6. h3 Ne7 7. O-O O-O 8.
Re1 Ng6 9. Nc3 Be6 10. Ne2 f6 11. Ng3 Qd7 12. Kh2 Rad8 13. Qe2 Kh8 14. Kh1 Rg8
15. Bd2 c5 16. b3 Nf4 17. Bxf4 exf4 18. Nf5 Bxf5 19. exf5 Rge8 20. Qd2 Qxf5 21.
Rxe8+ Rxe8 22. Re1 Qd7 23. Re4 Rxe4 24. dxe4 Qe7 25. Qd3 g6 26. Kg1 Kg7 27. Kf1
b5 28. Qd5 Qe8 29. Ke2 a5 30. c4 bxc4 31. Qxc4 Qb8 32. a4 Qb6 33. Ne1 Qb7 34.
Nd3 Qb6 35. h4 Qb7 36. Kf3 Qb6 37. Qe6 Qb4 38. Nxb4 1-0

[Event "Olimpiada de Khanty-Mansiysk 2010"]
[Site "Khanty-Mansiysk RUS"]
[Date "2010.09.28"]
[Round "7"]
[White "Chumfwa, Stanley"]
[Black "Al-Hadarani, Hatim"]
[Result "1/2-1/2"]
[WhiteElo "2315"]
[BlackElo "2264"]
[PlyCount "215"]
[EventDate "2010.09.21"]
[EventType "team"]
[EventRounds "11"]
[EventCountry "RUS"]
[Source "lmi"]
[SourceDate "2010.09.21"]
[WhiteTeam "Zambia"]
[BlackTeam "Yemen"]
[WhiteTeamCountry "ZAM"]
[BlackTeamCountry "YEM"]

1. e4 c6 2. d3 d5 3. Nd2 g6 4. Ngf3 Bg7 5. Be2 Nh6 6. O-O O-O 7. c3 c5 8. Re1
d4 9. cxd4 cxd4 10. Bf1 Nc6 11. a3 e5 12. b4 a6 13. Nc4 f6 14. a4 Be6 15. Bd2
Na7 16. Qc1 Nf7 17. Qb2 b5 18. Na5 bxa4 19. Nb7 Qe7 20. Nc5 Rfb8 21. Nxe6 Qxe6
22. Rxa4 Nb5 23. Be2 Rc8 24. Rc1 Rxc1+ 25. Qxc1 Rc8 26. Qa1 Nc3 27. Rxa6 Qb3
28. Ra8 Rxa8 29. Qxa8+ Bf8 30. Kf1 Kg7 31. Qa1 Bxb4 32. Ne1 Ba3 33. Bxc3 dxc3
34. Bd1 Qb2 35. Nc2 Bc5 36. Qa5 Bb6 37. Qa3 Qb1 38. Qa1 Qb2 39. Qxb2 cxb2 40.
Na3 Bc5 41. Nb1 Nd6 42. Ba4 f5 43. f3 Kf6 44. Bc6 Kg5 45. g3 Bd4 46. Na3 Kf6
47. Nb1 Ke7 48. Ke2 Bg1 49. Kf1 Bd4 50. Ke2 Nf7 51. f4 Bg1 52. exf5 gxf5 53. h3
exf4 54. gxf4 Nh8 55. Bd5 Ng6 56. Bg8 Nf8 57. Kd2 Bd4 58. Kc2 Kf6 59. Nd2 Kg7
60. Bc4 Ng6 61. Nf3 Bf2 62. Kxb2 Nxf4 63. h4 Ng2 64. Kc2 Bxh4 65. Nd4 Kf6 66.
Kd2 Bg5+ 67. Ke2 h5 68. Nf3 Bf4 69. Kf2 Ne3 70. Bb5 Ng4+ 71. Kg2 Bg5 72. Be8 h4
73. d4 f4 74. Bd7 Ne3+ 75. Kh3 Nd1 76. d5 Nf2+ 77. Kg2 Ne4 78. Kh3 Nf2+ 79. Kg2
Nd1 80. Kh3 Ne3 81. Nxh4 Bxh4 82. Kxh4 Nxd5 83. Kg4 Ke5 84. Kf3 Ne7 85. Bg4 Nc6
86. Kf2 Nb4 87. Be2 Nc2 88. Bd3 Nd4 89. Bh7 Nb3 90. Bg6 Nd2 91. Ke2 Nb3 92. Kf2
Kf6 93. Bh7 Kg5 94. Bc2 Nd4 95. Ba4 Nf5 96. Bd7 Ne3 97. Kf3 Nc2 98. Bc8 Ne1+
99. Ke2 Ng2 100. Kf2 Nh4 101. Bd7 Kf6 102. Bc8 Ke5 103. Bb7 Kd4 104. Ba8 Ke5
105. Bb7 Nf5 106. Ba8 Nd6 107. Kf3 Nc4 108. Kf2 1/2-1/2

[Event "Olimpiada de Khanty-Mansiysk 2010"]
[Site "Khanty-Mansiysk RUS"]
[Date "2010.09.28"]
[Round "7"]
[White "Al Qudaimi, Basheer"]
[Black "Jere, Daniel"]
[Result "0-1"]
[WhiteElo "2428"]
[BlackElo "2267"]
[PlyCount "68"]
[EventDate "2010.09.21"]
[EventType "team"]
[EventRounds "11"]
[EventCountry "RUS"]
[Source "lmi"]
[SourceDate "2010.09.21"]
[WhiteTeam "Yemen"]
[BlackTeam "Zambia"]
[WhiteTeamCountry "YEM"]
[BlackTeamCountry "ZAM"]

1. e4 e6 2. d4 d5 3. Nd2 Nf6 4. e5 Nfd7 5. f4 c5 6. c3 Nc6 7. Ndf3 Qb6 8. g3
cxd4 9. cxd4 Bb4+ 10. Kf2 g5 11. fxg5 Ndxe5 12. Kg2 Nc4 13. Nh3 Bf8 14. Bxc4
dxc4 15. Nf4 Nb4 16. Ne5 Bg7 17. Qa4+ Nc6 18. Rd1 Bxe5 19. dxe5 Bd7 20. Qa3
O-O-O 21. Be3 Qb5 22. Qc3 Rhg8 23. Rd6 Qxe5 24. Rad1 Qe4+ 25. Kf2 e5 26. Ng2
Bg4 27. Rxd8+ Rxd8 28. Rxd8+ Kxd8 29. Qd2+ Kc8 30. Kg1 Bh3 31. Ne1 Nd4 32. Bxd4
exd4 33. Kf2 Qh1 34. Ke2 Bg4+ 0-1

[Event "Olimpiada de Khanty-Mansiysk 2010"]
[Site "Khanty-Mansiysk RUS"]
[Date "2010.09.28"]
[Round "7"]
[White "Pitirotjirathon, Jirapak"]
[Black "Ekstroem, Roland"]
[Result "1/2-1/2"]
[WhiteElo "2299"]
[BlackElo "2489"]
[PlyCount "78"]
[EventDate "2010.09.21"]
[EventType "team"]
[EventRounds "11"]
[EventCountry "RUS"]
[Source "lmi"]
[SourceDate "2010.09.21"]
[WhiteTeam "Tailandia"]
[BlackTeam "Suiza"]
[WhiteTeamCountry "THA"]
[BlackTeamCountry "SUI"]

1. d4 Nf6 2. c4 e6 3. Nf3 b6 4. g3 Ba6 5. b3 Bb4+ 6. Bd2 Be7 7. Bg2 c6 8. Ne5
d5 9. Bc3 Nfd7 10. Nxd7 Nxd7 11. Nd2 O-O 12. O-O Rc8 13. e4 b5 14. Re1 dxc4 15.
bxc4 bxc4 16. Qa4 Bb5 17. Qc2 Re8 18. a4 Ba6 19. Rad1 Bf8 20. Nf1 Qc7 21. Ne3
e5 22. Bh3 exd4 23. Bxd4 Rcd8 24. Nxc4 Nc5 25. Bg2 Nd7 26. f4 Bxc4 27. Qxc4 Nb6
28. Qc2 Bb4 29. Rf1 c5 30. Bf2 a5 31. e5 c4 32. Be4 g6 33. Kg2 c3 34. Rxd8 Rxd8
35. Rd1 Nc4 36. Rxd8+ Qxd8 37. Qe2 Nd2 38. Bc2 Qd5+ 39. Kh3 Qe6+ 1/2-1/2

[Event "Olimpiada de Khanty-Mansiysk 2010"]
[Site "Khanty-Mansiysk RUS"]
[Date "2010.09.28"]
[Round "7"]
[White "Kurmann, Oliver"]
[Black "Teerapabpaisit, Wisuwat"]
[Result "1-0"]
[WhiteElo "2452"]
[BlackElo "2310"]
[PlyCount "65"]
[EventDate "2010.09.21"]
[EventType "team"]
[EventRounds "11"]
[EventCountry "RUS"]
[Source "lmi"]
[SourceDate "2010.09.21"]
[WhiteTeam "Suiza"]
[BlackTeam "Tailandia"]
[WhiteTeamCountry "SUI"]
[BlackTeamCountry "THA"]

1. e4 c5 2. Nf3 e6 3. d4 cxd4 4. Nxd4 a6 5. Bd3 Nf6 6. O-O Qc7 7. Qe2 d6 8. c4
Nc6 9. Nxc6 bxc6 10. Nc3 Be7 11. f4 e5 12. f5 g6 13. c5 d5 14. b4 gxf5 15. exd5
cxd5 16. Bxf5 Bb7 17. Bb2 Rg8 18. Nb5 axb5 19. Bxe5 Qc6 20. Bd3 Kd8 21. Bxb5
Qe6 22. c6 Bxc6 23. Bxf6 Qxe2 24. Bxe2 d4 25. g3 Bd5 26. a4 Rg6 27. Bxe7+ Kxe7
28. Rf4 Bb3 29. a5 Rd6 30. Bd3 Rc8 31. a6 Bc2 32. Bxc2 Rxc2 33. a7 1-0

[Event "Olimpiada de Khanty-Mansiysk 2010"]
[Site "Khanty-Mansiysk RUS"]
[Date "2010.09.28"]
[Round "7"]
[White "Tuamsang, Sawapop"]
[Black "Buss, Ralph"]
[Result "0-1"]
[WhiteElo "1984"]
[BlackElo "2433"]
[PlyCount "46"]
[EventDate "2010.09.21"]
[EventType "team"]
[EventRounds "11"]
[EventCountry "RUS"]
[Source "lmi"]
[SourceDate "2010.09.21"]
[WhiteTeam "Tailandia"]
[BlackTeam "Suiza"]
[WhiteTeamCountry "THA"]
[BlackTeamCountry "SUI"]

1. d4 Nf6 2. c4 e6 3. Nc3 Bb4 4. Qc2 O-O 5. Nf3 c5 6. e3 b6 7. a3 cxd4 8. exd4
Be7 9. Bd3 Bb7 10. Ng5 h6 11. Nge4 Nxe4 12. Bxe4 Bxe4 13. Qxe4 Nc6 14. d5 Na5
15. dxe6 dxe6 16. b4 Bf6 17. Bb2 Nxc4 18. Qxc4 Rc8 19. Qb3 Rxc3 20. Bxc3 Qd3
21. Bxf6 Qxb3 22. Be5 Qd3 23. Bf4 Rc8 0-1

[Event "Olimpiada de Khanty-Mansiysk 2010"]
[Site "Khanty-Mansiysk RUS"]
[Date "2010.09.28"]
[Round "7"]
[White "Arias Santana, Mauricio"]
[Black "Gemy, Jose Daniel"]
[Result "1-0"]
[WhiteElo "2345"]
[BlackElo "2325"]
[PlyCount "63"]
[EventDate "2010.09.21"]
[EventType "team"]
[EventRounds "11"]
[EventCountry "RUS"]
[Source "lmi"]
[SourceDate "2010.09.21"]
[WhiteTeam "Costa Rica"]
[BlackTeam "Bolivia"]
[WhiteTeamCountry "CRI"]
[BlackTeamCountry "BOL"]

1. e4 e6 2. d4 d5 3. Nc3 dxe4 4. Nxe4 Bd7 5. Nf3 Bc6 6. Qd3 Nd7 7. Bg5 Ngf6 8.
Nxf6+ gxf6 9. Bh4 Bh6 10. Be2 Bxf3 11. Qxf3 c6 12. O-O Bg5 13. Bg3 f5 14. c4
Qf6 15. Bd6 Qxd4 16. Rfd1 Qe4 17. Qb3 O-O-O 18. Bf3 Qh4 19. g3 Qh6 20. Qa3 Nb8
21. Qxa7 Rxd6 22. Rxd6 Qf8 23. Rad1 Qe8 24. Bg2 Be7 25. R6d3 Bf6 26. b4 Qe7 27.
c5 Qc7 28. Qa8 Rd8 29. Rxd8+ Bxd8 30. a4 Be7 31. a5 Bf6 32. Bf1 1-0

[Event "Olimpiada de Khanty-Mansiysk 2010"]
[Site "Khanty-Mansiysk RUS"]
[Date "2010.09.28"]
[Round "7"]
[White "Mendoza, Rodrigo"]
[Black "Valdes, Leonardo"]
[Result "1-0"]
[WhiteElo "2124"]
[BlackElo "2429"]
[PlyCount "61"]
[EventDate "2010.09.21"]
[EventType "team"]
[EventRounds "11"]
[EventCountry "RUS"]
[Source "lmi"]
[SourceDate "2010.09.21"]
[WhiteTeam "Bolivia"]
[BlackTeam "Costa Rica"]
[WhiteTeamCountry "BOL"]
[BlackTeamCountry "CRI"]

1. d4 d6 2. c4 Nf6 3. Nc3 g6 4. Nf3 Bg7 5. Bg5 h6 6. Bh4 O-O 7. e3 c5 8. Be2
Bf5 9. O-O Nbd7 10. Rc1 g5 11. Bg3 Ne4 12. Nxe4 Bxe4 13. h4 Bxf3 14. Bxf3 cxd4
15. exd4 Qb6 16. hxg5 hxg5 17. Qd2 Qxd4 18. Qxg5 Qf6 19. Qh5 Qxb2 20. Rb1 Qxa2
21. Bh4 e6 22. Be4 Rfb8 23. Qh7+ Kf8 24. Bxb7 Nc5 25. Bxa8 Rxa8 26. Rbd1 Qa6
27. Rd2 Qc6 28. Rfd1 Nb7 29. Rd3 Qa4 30. Rb1 Be5 31. Rg3 1-0

[Event "Olimpiada de Khanty-Mansiysk 2010"]
[Site "Khanty-Mansiysk RUS"]
[Date "2010.09.28"]
[Round "7"]
[White "Angulo, P  Carlos"]
[Black "Duran Vega, Sergio"]
[Result "0-1"]
[WhiteElo "2210"]
[BlackElo "2156"]
[PlyCount "92"]
[EventDate "2010.09.21"]
[EventType "team"]
[EventRounds "11"]
[EventCountry "RUS"]
[Source "lmi"]
[SourceDate "2010.09.21"]
[WhiteTeam "Bolivia"]
[BlackTeam "Costa Rica"]
[WhiteTeamCountry "BOL"]
[BlackTeamCountry "CRI"]

1. e4 c5 2. Nf3 d6 3. d4 cxd4 4. Nxd4 Nf6 5. Nc3 a6 6. Be2 e5 7. Nb3 Be7 8. O-O
O-O 9. a4 Nc6 10. Be3 Be6 11. Bf3 Nb4 12. Bg5 h6 13. Bh4 Qc7 14. Re1 Rfd8 15.
Bg3 d5 16. exd5 Nfxd5 17. Bxe5 Nxc3 18. Bxc7 Rxd1 19. Bxd1 Nxd1 20. Raxd1 Nxc2
21. Rxe6 fxe6 22. Rd2 Nb4 23. Bd6 Bxd6 24. Rxd6 Rc8 25. g3 Rc2 26. Rb6 Nd3 27.
Rxb7 e5 28. Rd7 e4 29. f3 Rxb2 30. Nd4 e3 31. Re7 Rb1+ 32. Kg2 Rb2+ 33. Kg1
Rb1+ 34. Kg2 Rb4 35. Ne2 Ne1+ 36. Kh3 Nxf3 37. Rxe3 Ng5+ 38. Kg2 Rxa4 39. Nc3
Ra3 40. h4 Nh7 41. Kf3 h5 42. Nd5 Rxe3+ 43. Kxe3 Nf6 44. Nb4 a5 45. Nc6 a4 46.
Kd4 a3 0-1

[Event "Olimpiada de Khanty-Mansiysk 2010"]
[Site "Khanty-Mansiysk RUS"]
[Date "2010.09.28"]
[Round "7"]
[White "Mas, Hafizulhelmi"]
[Black "Gruenfeld, Yehuda"]
[Result "0-1"]
[WhiteElo "2422"]
[BlackElo "2464"]
[PlyCount "82"]
[EventDate "2010.09.21"]
[EventType "team"]
[EventRounds "11"]
[EventCountry "RUS"]
[Source "lmi"]
[SourceDate "2010.09.21"]
[WhiteTeam "Malasia"]
[BlackTeam "ICS"]
[WhiteTeamCountry "MAS"]

1. e4 c5 2. Nf3 d6 3. d4 cxd4 4. Nxd4 Nf6 5. Nc3 a6 6. Be2 e5 7. Nb3 Be7 8. Bg5
Be6 9. Bxf6 Bxf6 10. Nd5 Nd7 11. a4 Be7 12. a5 Rc8 13. c4 O-O 14. O-O g6 15.
Ra4 Kh8 16. Rb4 Bxd5 17. Qxd5 Nf6 18. Qxb7 Rb8 19. Qxb8 Qxb8 20. Rxb8 Rxb8 21.
Bd1 Nxe4 22. Re1 f5 23. f3 Ng5 24. Re3 Ne6 25. g3 Kg7 26. Kf1 Kf7 27. c5 dxc5
28. Be2 Kf6 29. Bxa6 Nd4 30. Bc4 Rb4 31. Bd5 Ra4 32. Nd2 Rxa5 33. Nc4 Ra1+ 34.
Kg2 Rc1 35. Nxe5 Rc2+ 36. Kg1 Bd6 37. Nc4 f4 38. Re4 Nxf3+ 39. Kf1 Nxh2+ 40.
Kg1 f3 41. Re6+ Kg5 0-1

[Event "Olimpiada de Khanty-Mansiysk 2010"]
[Site "Khanty-Mansiysk RUS"]
[Date "2010.09.28"]
[Round "7"]
[White "Collutiis, Duilio"]
[Black "Mok, Tze-Meng"]
[Result "1-0"]
[WhiteElo "2447"]
[BlackElo "2416"]
[PlyCount "65"]
[EventDate "2010.09.21"]
[EventType "team"]
[EventRounds "11"]
[EventCountry "RUS"]
[Source "lmi"]
[SourceDate "2010.09.21"]
[WhiteTeam "ICS"]
[BlackTeam "Malasia"]
[BlackTeamCountry "MAS"]

1. Nf3 g6 2. e4 Bg7 3. d4 c6 4. Nc3 d5 5. h3 Nh6 6. Bd3 O-O 7. O-O f6 8. Ne2
Nf7 9. c4 dxe4 10. Bxe4 e5 11. dxe5 f5 12. Bd3 Nxe5 13. Nxe5 Bxe5 14. Bh6 Re8
15. Qd2 Na6 16. Bg5 Qb6 17. Nc3 Be6 18. Rfe1 Bg7 19. Re2 Qd4 20. Rae1 Nc5 21.
Bc2 Kf7 22. Qc1 Nd3 23. Bxd3 Qxd3 24. Qf4 Qd4 25. Ne4 Be5 26. Nd6+ Qxd6 27.
Rxe5 Qd7 28. R5e2 Kg8 29. Bf6 Qf7 30. Bc3 Bd7 31. Qd4 Kf8 32. Qh8+ Qg8 33. Bb4+
1-0